Geographie Allgemeinwissen - Europa - Statistiken

Allgemein
  • Dieses Quiz wurde 103 mal gespielt
  • Das Durchschnittsergebnis liegt bei 11 aus 15
Antwortstatistiken
Frage Antwort % Korrekt
In welcher Stadt steht der Eiffelturm? Paris
100%
Welches ist das flächenmäßig kleinste Land Europas? Vatikanstadt
98%
Welche Stadt ist die nördlichste Hauptstadt der Welt? Reykjavik
84%
Welcher See ist der größte Süßwassersee Westeuropas (an der Grenze zwischen CH, DE und AT)? Bodensee
83%
Welche Stadt liegt als einzige Weltmetropole auf zwei Kontinenten? Istanbul
83%
Wie heißen die tiefen, schmalen Meeresarme in Norwegen, die durch Gletscher entstanden sind? Fjorde
80%
Wie heißt der höchste Berg der Alpen? Mont Blanc
79%
Welches Gebirge bildet die natürliche Grenze zwischen Europa und Asien? Ural
78%
Welches Land hat die längste Küstenlinie Europas? Norwegen
77%
Welcher aktive Vulkan befindet sich auf der italienischen Insel Sizilien? Ätna
74%
Wie viele Staaten gehören aktuell zur Europäischen Union (EU)? 27
73%
Welche Meeresenge trennt Europa von Afrika? Straße von Gibraltar
73%
Wie heißt der längste Fluss, der komplett in Europa liegt? Wolga
73%
Welches Land wird als das „Land der tausend Seen“ bezeichnet? Finnland
71%
In welchem Land liegt der geografische Mittelpunkt Europas? (am häufigsten genannt) Litauen
9%
Keine übereinstimmenden Quizze gefunden
Verteilung der Resultate
Anzahl Personen mit jedem Resultat
Perzentil nach korrekt beantworteten Fragen
Ihre Resultats-Entwicklung
Sie haben dieses Quiz noch nicht gespielt